| 000 | 02427nam a2200517Ia 4500 | ||
|---|---|---|---|
| 001 | dia_3783 | ||
| 003 | CHAP | ||
| 005 | 20240926175143.0 | ||
| 007 | ta | ||
| 008 | 220117s2006 mx abdofr 001 0 spa d | ||
| 040 |
_cCHAP _amxchpua |
||
| 090 |
_aT.C.423 _bR36 SAI _c2006 |
||
| 245 | 1 | 0 |
_aReporte de viaje del sistema agroindustrial bovinos de doble proposito en la región frailesca y Costa de Chiapas, México / _ccoordinador Marco Favio Ramírez Sepúlveda ; colaboradores José Evandro Briones Bermúdez...[et al.] |
| 260 |
_aMéxico : _bEl autor, _c2006 |
||
| 300 |
_a125 hojas : _bilustraciones, mapas, gráficas, diagramas, tablas, fotos |
||
| 336 |
_2rdacontent _atexto _btxt |
||
| 337 |
_2rdamedia _asin medio _bn |
||
| 338 |
_2rdacarrier _avolumen _bnc |
||
| 500 | _a6° año Grupo 1 Directorio: hojas 118-119 | ||
| 502 |
_aViaje de Estudios _b(SAI) -- _cUACh. Departamento de Ingeniería Agroindustrial, _d2006 |
||
| 504 | _aBibliografía: hoja 113 | ||
| 505 | _tEmpresas visitadas: -- 1. NESTLÉ, S. A. de C. V. -- 2. Lácteos de Chiapas, S. A. de C. V. -- 3. Rastro TIF 78 -- 4. FIRA -- 5. Acopiador de ganado vacuno -- 6. Quesos Villa -- 7. Quesos Cesia -- 8. Quesería Mapache -- 9. Quesos la Fraylescana -- 10. Secretaría de Desarrollo Rural -- 11. Quesos Morgan -- 12. Quesos La Ordeña -- 13. Quesos San Juan y El Vaquero de Chiapas -- 14. INDAGRO | ||
| 650 | 1 | 3 |
_aGanado bovino _9138033 |
| 650 | 1 | 3 |
_aGanado de carne _945067 |
| 650 | 1 | 3 |
_aIndustria del ganado y de la carne _9155337 _zMéxico _zChiapas |
| 650 | 1 | 0 |
_aIndustria lechera _zMéxico _zChiapas _9151686 |
| 650 | 1 | 0 |
_aIndustria quesera _zMéxico _zChiapas _9151687 |
| 650 | 1 | 3 |
_aMataderos _972885 |
| 650 | 1 | 3 |
_aProductos lácteos _992124 |
| 650 | 1 | 3 |
_aBeef cattle _9138032 |
| 650 | 1 | 3 | _aCattle |
| 650 | 1 | 3 |
_aCheese industry _9155335 _zMexico _zChiapas |
| 650 | 1 | 3 |
_aDairy industry _9155336 _zMexico _zChiapas |
| 650 | 1 | 3 |
_aDairy products _9147672 |
| 650 | 1 | 0 |
_aSlaughterhouses _9148386 |
| 650 | 1 | 3 |
_aLivestock and meat industry _9147938 _zMexico _zChiapas |
| 700 | 1 |
_aRamírez Sepúlveda, Marco Favio _9150304 _ecoordinador |
|
| 700 | 1 |
_aBriones Bermúdez, José Evandro _915381 _ecolaborador |
|
| 901 | _aT.C.423 R36 SAI 2006 | ||
| 902 | _aM | ||
| 905 | _a5232272006 mx bdnm8223123322spa16 | ||
| 942 | _2local | ||
| 942 | _cVE | ||
| 999 |
_c174375 _d174375 |
||